Rebels and bureaucrats (Бичлэгийн дугаар. 146038)
| 000 -УДИРДЛАГА | |
|---|---|
| Удирдлага | 00922nam a22003137a 4500 |
| 003 - ХЯНАЛТЫН ТОО ТОДОРХОЙЛОГЧ | |
| Код | MN-UlNUM |
| 005 - БИЧИЛТ ХИЙСЭН ОГНОО | |
| Тухайн бичилтийг бичсэн засварласан сүүлийн огноо | 20251231104546.0 |
| 008 - ЕРӨНХИЙ МЭДЭЭЛЭЛ | |
| Ерөнхий мэдээлэл | 251231s1976 cau|b||| |||| 001 0 eng | |
| 020 ## - ISBN | |
| ISBN | 0520028619 |
| 040 ## - БИЧЛЭГ ҮҮСГЭГЧ БАЙГУУЛЛАГА | |
| Бичлэг үүсгэгч номын сангийн код | МУИС-ийн номын сан |
| 084 ## - ББК АНГИЛАЛ | |
| Нэмэлт тусгалт | Бусад |
| ББК ангилал | 66.2 |
| Зохиогчийн гурван тэмдэгт | I 85 |
| Мэдлэгийн ялгаа | 66 - Улс төр |
| 100 1# - ЗОХИОГЧ | |
| Зохиогчийн нэр | Israel, John, |
| Зохиогчийн огноо | 1935- |
| 245 10 - ҮНДСЭН ГАРЧИГ | |
| Номын нэр | Rebels and bureaucrats |
| Бага гарчгийн мэдээ | China's December 9ers |
| Оролцогчдын тухай мэдээ | John Israel, Donald W. Klein. |
| 260 ## - ГАРАЛТЫН МЭДЭЭ | |
| Хэвлэгдсэн газар | Berkeley : |
| Хэвлэлийн газар | University of California Press, |
| Хэвлэгдсэн он | 1976. |
| 300 ## - МАТЕРИАЛЫН ТОДОРХОЙЛОЛТ | |
| хуудасны тоо | xiv, 305 p. ; |
| Хэмжээ | 23 cm. |
| 500 ## - Тайлбар | |
| Дансны дугаар | БС 4789 |
| 546 ## - ХЭЛНИЙ ТУХАЙ МЭДЭЭ | |
| Хэл | Англи хэл дээр, |
| 653 ## - Түлхүүр үг | |
| Түлхүүр үг | students |
| 653 ## - Түлхүүр үг | |
| Түлхүүр үг | political activity |
| 653 ## - Түлхүүр үг | |
| Түлхүүр үг | China |
| 700 1# - ХАМ ЗОХИОГЧИД | |
| Ба бус | Klein, Donald W., |
| Relator term | joint author |
| 740 ## - НОМЫН ГАРЧИГ | |
| Гарчиг | The Environmental Crucible |
| 740 ## - НОМЫН ГАРЧИГ | |
| Гарчиг | Faces in the Crowd |
| 740 ## - НОМЫН ГАРЧИГ | |
| Гарчиг | Students in the Streets |
| 740 ## - НОМЫН ГАРЧИГ | |
| Гарчиг | The War They Wanted |
| 942 ## - ЭЛЕМЕНТИЙН ТӨРӨЛ | |
| Зүйлийн төрөл | Ном |
